000 00680ntaaa2200229 4500
003 01
005 20251027200648.0
008 0714s1973 ag 01
040 _aAR-BaBN
_bspa
_cAR-BaBN
_eaacr
_dRIC
082 _a131.322 R63
100 _aRogers, Carl R.
245 _aOn becoming a person /
_cCarl R. Rogers
250 _a1 ed.
260 _aBoston :
_bHoughton Mifflin Co,
_c1961
300 _axi, 420 p
500 _aEstudio de psicoterapia sobre el hombre llegando a ser una persona. Libro perdido, juego de ficha retirado
650 _aPsicologia Popular
650 _aPsicologia Pastoral
650 _aConsejo Pastoral
_9270
650 _aPsicoterapia
942 _cBK
999 _c1196
_d1196